Countries That Play Cricket Internationals - Statistics

General Stats
  • This quiz has been taken 330 times
  • The average score is 14 of 18
Answer Stats
Answer % Correct
Australia
99%
India
97%
England
96%
New Zealand
95%
Pakistan
95%
South Africa
93%
Bangladesh
92%
Ireland
92%
Sri Lanka
89%
West Indies
83%
Afghanistan
82%
Scotland
82%
Zimbabwe
82%
Netherlands
70%
United Arab Emirates
62%
Nepal
55%
Papua New Guinea
34%
Hong Kong
32%
No matching quizzes found
Score Distribution
Percent of People with Each Score
Percentile by Number Answered
Your Score History
You have not taken this quiz